[Event "Ghent Taminco op 37th"]
[Site "Ghent"]
[Date "2014.07.21"]
[Round "6"]
[White "Boons, Patrick"]
[Black "Montes Gutierrez, Ignacio"]
[Result "0-1"]
[WhiteElo "2029"]
[BlackElo "2288"]
[PlyCount "98"]
[EventDate "2014.07.19"]
[EventType "swiss"]
[EventRounds "9"]
[EventCountry "BEL"]
[SourceTitle "CBM 161 Extra"]
[Source "ChessBase"]
[SourceDate "2014.08.29"]
[SourceVersion "1"]
[SourceVersionDate "2014.08.29"]
[SourceQuality "1"]

1. e4 c5 2. Nc3 Nc6 3. g3 g6 4. Bg2 Bg7 5. d3 d6 6. f4 e6 7. Nf3 Nge7 8. 0-0 0-0 9. g4 f5 10. gxf5 exf5 11. Ne2 Rb8 12. Ng3 b5 13. c3 Kh8 14. Re1 fxe4 15. dxe4 Bh6 16. Ng5 Bxg5 17. fxg5 Ne5 18. Rf1 N7c6 19. b3 Bg4 20. Rxf8+ Qxf8 21. Qf1 Qe7 22. h3 Rf8 23. Bf4 Bf3 24. Ne2 Bxe2 25. Bxe5+ Nxe5 26. Qxe2 Qxg5 27. Rf1 Rxf1+ 28. Qxf1 Kg7 29. Kh2 c4 30. bxc4 bxc4 31. Qf2 Nc6 32. Qb2 Qe7 33. Kh1 h5 34. Qb5 Ne5 35. Qd5 Kh6 36. a4 Qh4 37. Qd2+ Qg5 38. Qxd6 Qc1+ 39. Kh2 Qxc3 40. Qf8+ Kg5 41. Qf2 h4 42. Qxa7 Qg3+ 43. Kh1 Qe1+ 44. Kh2 Nf3+ 45. Bxf3 Qg3+ 46. Kh1 Qxf3+ 47. Kh2 Qg3+ 48. Kh1 Qf3+ 49. Kh2 Qg3+ 0-1

[Event "Mondariz op 8th"]
[Site "Mondariz"]
[Date "2011.04.17"]
[Round "2"]
[White "Montes Gutierrez, Ignacio"]
[Black "Nunez Alonso, Juan"]
[Result "1-0"]
[WhiteElo "2201"]
[BlackElo "1681"]
[PlyCount "95"]
[EventDate "2011.04.16"]
[EventType "swiss"]
[EventRounds "8"]
[EventCountry "ESP"]
[SourceTitle "EXT 2012"]
[Source "ChessBase"]
[SourceDate "2011.11.24"]
[SourceVersion "1"]
[SourceVersionDate "2011.11.24"]
[SourceQuality "1"]

1. Nf3 g6 2. c4 Bg7 3. Nc3 Nf6 4. d4 d6 5. Bf4 0-0 6. h3 Nbd7 7. e3 c5 8. Be2 Qb6 9. Qd2 Re8 10. d5 Nf8 11. e4 Rd8 12. 0-0 a6 13. Ne1 e5 14. Bg5 Re8 15. Nd3 N8d7 16. f4 h6 17. Bxf6 Nxf6 18. fxe5 dxe5 19. Qe3 Nd7 20. Na4 Qc7 21. Naxc5 Nxc5 22. Qxc5 Qxc5+ 23. Nxc5 Bf8 24. Nd3 b6 25. b4 f5 26. Bf3 Bd7 27. a4 Rac8 28. Rfc1 Rc7 29. c5 bxc5 30. bxc5 fxe4 31. Bxe4 Bf5 32. Bxf5 gxf5 33. d6 Rd7 34. Nb4 Bxd6 35. cxd6 Rxd6 36. Rc6 Rxc6 37. Nxc6 Kf7 38. Rd1 Kf6 39. Rd6+ Kg5 40. Kf2 h5 41. Ke3 e4 42. Rd5 Re6 43. Rxf5+ Kxf5 44. Nd4+ Ke5 45. Nxe6 Kxe6 46. Kxe4 h4 47. Kf4 Kd5 48. Kg4 1-0

[Event "Mondariz Balneario op 9th"]
[Site "Mondariz"]
[Date "2009.12.27"]
[Round "2"]
[White "Montes Gutierrez, Ignacio"]
[Black "Larino Nieto, David"]
[Result "0-1"]
[WhiteElo "2154"]
[BlackElo "2467"]
[PlyCount "84"]
[EventDate "2009.12.26"]
[EventType "swiss"]
[EventRounds "7"]
[EventCountry "ESP"]
[SourceTitle "CBM 134 Extra"]
[Source "ChessBase"]
[SourceDate "2010.03.03"]
[SourceVersion "1"]
[SourceVersionDate "2010.03.03"]
[SourceQuality "1"]

1. d4 e6 2. Nf3 Nf6 3. c4 Bb4+ 4. Bd2 a5 5. g3 b6 6. Bg2 Bb7 7. 0-0 0-0 8. Bf4 Re8 9. a3 Bf8 10. Nc3 d6 11. d5 e5 12. Bg5 h6 13. Bxf6 Qxf6 14. Nd2 Nd7 15. Qc2 g6 16. b4 Bg7 17. e4 h5 18. Nb5 Rec8 19. Bh3 Qe7 20. bxa5 Rxa5 21. Nb3 Raa8 22. Rfd1 c6 23. dxc6 Rxc6 24. Qd3 Bf8 25. a4 Nf6 26. a5 bxa5 27. Nxa5 Rca6 28. Nxb7 Rxa1 29. N7xd6 Rxd1+ 30. Qxd1 Rd8 31. c5 Nxe4 32. Qd5 Ng5 33. Bg2 Ne6 34. Qxe5 Nxc5 35. Qxc5 Qe1+ 36. Bf1 Bxd6 37. Nxd6 Qe7 38. Bc4 Rxd6 39. Qc8+ Kg7 40. Qa8 Rd1+ 41. Kg2 Qe1 42. Qa2 Rd2 0-1

[Event "Mondariz op 5th"]
[Site "Mondariz"]
[Date "2007.08.29"]
[Round "5"]
[White "Recuero Guerra, Javier"]
[Black "Montes Gutierrez, Ignacio"]
[Result "1/2-1/2"]
[WhiteElo "2312"]
[BlackElo "2084"]
[PlyCount "67"]
[EventDate "2007.08.25"]
[EventType "swiss"]
[EventRounds "9"]
[EventCountry "ESP"]
[SourceTitle "CBM 120 Extra"]
[Source "ChessBase"]
[SourceDate "2007.11.01"]
[SourceVersion "1"]
[SourceVersionDate "2007.11.01"]
[SourceQuality "1"]

1. b3 e5 2. Bb2 Nc6 3. e3 Nge7 4. Nf3 f6 5. d4 exd4 6. Nxd4 Nxd4 7. Bxd4 Nc6 8. Bc4 Nxd4 9. Qxd4 Bd6 10. Qh4 f5 11. Qh3 Qf6 12. c3 Be7 13. 0-0 c6 14. a4 g6 15. Ra2 d5 16. Bd3 Be6 17. Rc2 0-0-0 18. Nd2 g5 19. Qf3 Bd6 20. c4 Qe5 21. g3 Kb8 22. c5 Bc7 23. b4 f4 24. Nb3 fxe3 25. Qxe3 d4 26. Qxe5 Bxe5 27. Re2 Bxb3 28. Rxe5 Bxa4 29. Rxg5 Rhe8 30. Rg7 Bb5 31. Rd1 a5 32. bxa5 Rc8 33. Rg4 Ba4 34. Rb1 1/2-1/2

[Event "Oviedo op"]
[Site "Oviedo"]
[Date "2007.07.25"]
[Round "5"]
[White "Gonzalez Menendez, Ivan"]
[Black "Montes Gutierrez, Ignacio"]
[Result "1-0"]
[WhiteElo "2388"]
[BlackElo "2084"]
[PlyCount "46"]
[EventDate "2007.07.21"]
[EventType "swiss"]
[EventRounds "9"]
[EventCountry "ESP"]
[SourceTitle "EXT 2008"]
[Source "ChessBase"]
[SourceDate "2007.11.25"]
[SourceVersion "1"]
[SourceVersionDate "2007.11.25"]
[SourceQuality "1"]

1. e4 c5 2. Nf3 d6 3. d4 cxd4 4. Nxd4 Nf6 5. Nc3 a6 6. f4 e5 7. Nf3 Qc7 8. a4 b6 9. Bd3 Bb7 10. 0-0 Nbd7 11. Kh1 Nc5 12. Qe1 Be7 13. Nh4 Qc6 14. fxe5 Nfxe4 15. Nxe4 Nxe4 16. exd6 Nxd6 17. Bf4 Kf8 18. Bxd6 Bxd6 19. Qe6 Qc7 20. Rxf7+ Qxf7 21. Qxd6+ Kg8 22. Rf1 Qd5 23. Qe7 Rd8 1-0

[Event "Oviedo op"]
[Site "Oviedo"]
[Date "2007.07.24"]
[Round "4"]
[White "Montes Gutierrez, Ignacio"]
[Black "Roiz Baztan, David"]
[Result "1-0"]
[WhiteElo "2084"]
[BlackElo "2316"]
[PlyCount "85"]
[EventDate "2007.07.21"]
[EventType "swiss"]
[EventRounds "9"]
[EventCountry "ESP"]
[SourceTitle "EXT 2008"]
[Source "ChessBase"]
[SourceDate "2007.11.25"]
[SourceVersion "1"]
[SourceVersionDate "2007.11.25"]
[SourceQuality "1"]

1. Nf3 Nf6 2. c4 g6 3. Nc3 Bg7 4. e4 d6 5. d4 0-0 6. Be2 e5 7. 0-0 Na6 8. Be3 Ng4 9. Bg5 Qe8 10. dxe5 dxe5 11. Ne1 f6 12. Bxg4 fxg5 13. Bxc8 Qxc8 14. Nf3 Rd8 15. Nd5 Rd7 16. Qc2 g4 17. Nd2 Qf8 18. Rad1 Rad8 19. Nb3 c6 20. Ne3 Nb4 21. Qb1 Nd3 22. Nc1 Nxc1 23. Qxc1 Qf4 24. Qc2 h5 25. Rxd7 Rxd7 26. Rd1 Rd4 27. g3 Qf3 28. c5 Kh7 29. Qb3 Qxe4 30. Qxb7 Rxd1+ 31. Nxd1 Qe1+ 32. Kg2 Qxd1 33. Qxc6 Qe2 34. b4 e4 35. Qe6 Qf3+ 36. Kf1 Qd3+ 37. Kg2 Qf3+ 38. Kf1 Qf5 39. Qe7 Kh6 40. Qd6 e3 41. Qf4+ Qxf4 42. gxf4 exf2 43. c6 1-0

[Event "Gijon op 2nd"]
[Site "Gijon"]
[Date "2007.06.29"]
[Round "6.1"]
[White "Montes Gutierrez, Ignacio"]
[Black "Czakon, Jakub"]
[Result "0-1"]
[WhiteElo "2084"]
[BlackElo "2482"]
[PlyCount "96"]
[EventDate "2007.06.25"]
[EventType "swiss"]
[EventRounds "8"]
[EventCountry "ESP"]
[SourceTitle "CBM 119 Extra"]
[Source "ChessBase"]
[SourceDate "2007.09.04"]
[SourceVersion "1"]
[SourceVersionDate "2007.09.04"]
[SourceQuality "1"]

1. Nf3 Nf6 2. c4 e6 3. g3 d5 4. b3 dxc4 5. bxc4 e5 6. Bb2 e4 7. Ne5 Bc5 8. d4 exd3 9. Nxd3 Bd4 10. Bg2 Bxb2 11. Nxb2 Qxd1+ 12. Nxd1 c6 13. e4 Be6 14. Ne3 Nfd7 15. Nd2 Na6 16. Nb3 Nb6 17. Na5 0-0-0 18. Ke2 f6 19. Rhc1 Nc5 20. Rab1 Rhe8 21. Kf1 Rd3 22. Nd5 Ra3 23. Nb3 Nba4 24. Rc2 Bd7 25. Nxc5 Nxc5 26. Nc3 Be6 27. Nd1 Bf7 28. Ne3 Kc7 29. Nf5 g6 30. Nh6 Be6 31. h3 Rd8 32. Ng4 f5 33. Nf6 fxe4 34. Nxh7 Rd4 35. Nf8 Bxc4+ 36. Kg1 Bd3 37. Rd1 Rd5 38. Rcd2 g5 39. Nh7 Nd7 40. Re1 c5 41. Rxd3 Raxd3 42. Bxe4 Rd1 43. Rxd1 Rxd1+ 44. Kg2 c4 45. Nxg5 c3 46. h4 Nf6 47. Bf5 Rd2 48. Nf3 c2 0-1

[Event "San Agustin op 12th"]
[Site "Aviles"]
[Date "2007.??.??"]
[Round "4"]
[White "Arias Garcia, David"]
[Black "Montes Gutierrez, Ignacio"]
[Result "0-1"]
[WhiteElo "1912"]
[BlackElo "2084"]
[PlyCount "120"]
[EventDate "2007.08.04"]
[EventType "swiss"]
[EventRounds "9"]
[EventCountry "ESP"]
[SourceTitle "CBM 119 Extra"]
[Source "ChessBase"]
[SourceDate "2007.09.04"]
[SourceVersion "1"]
[SourceVersionDate "2007.09.04"]
[SourceQuality "1"]

1. e4 e6 2. d4 d5 3. Nc3 Bb4 4. e5 c5 5. Bd2 cxd4 6. Nb5 Bxd2+ 7. Qxd2 Nc6 8. f4 Nge7 9. Nf3 Nf5 10. Nbxd4 Ncxd4 11. Nxd4 Qh4+ 12. g3 Nxg3 13. Qf2 Nf5 14. Nxf5 Qxf2+ 15. Kxf2 exf5 16. Bg2 Be6 17. Rhd1 Rc8 18. c3 Rc5 19. Rd2 Ke7 20. Rad1 Rd8 21. Rd4 Rd7 22. Ke3 f6 23. h4 b6 24. R1d2 fxe5 25. fxe5 g6 26. Kf4 h6 27. R2d3 Rc4 28. Rd2 Rdc7 29. Bf1 Rxd4+ 30. Rxd4 Rc8 31. Rd2 Rg8 32. Rg2 Bd7 33. Bd3 Kf7 34. Bc2 Be6 35. Bb3 b5 36. a4 Rb8 37. axb5 Rxb5 38. Bd1 Ra5 39. Bb3 Ra1 40. Rd2 Rh1 41. Kg3 Re1 42. Bxd5 Rxe5 43. Bf3 g5 44. hxg5 hxg5 45. Rd4 Ra5 46. c4 Ra2 47. Bh5+ Kf6 48. b3 f4+ 49. Kf3 Ra3 50. Rd6 Rxb3+ 51. Kf2 Rb2+ 52. Kf3 Ke5 53. Ra6 g4+ 54. Bxg4 Rb3+ 55. Kf2 Bxg4 56. Rxa7 Rb2+ 57. Kg1 Ke4 58. c5 Rc2 59. Rc7 Kf3 60. c6 Kg3 0-1

[Event "San Agustin op 11th"]
[Site "Aviles"]
[Date "2006.08.13"]
[Round "9"]
[White "Genzling, Alain"]
[Black "Montes Gutierrez, Ignacio"]
[Result "1/2-1/2"]
[WhiteElo "2215"]
[BlackElo "2143"]
[PlyCount "97"]
[EventDate "2006.08.05"]
[EventType "swiss"]
[EventRounds "9"]
[EventCountry "ESP"]
[SourceTitle "CBM 113 Extra"]
[Source "ChessBase"]
[SourceDate "2006.09.14"]
[SourceVersion "1"]
[SourceVersionDate "2006.09.14"]
[SourceQuality "1"]

1. e4 c5 2. Nf3 d6 3. d4 cxd4 4. Nxd4 Nf6 5. Nc3 a6 6. Be2 e5 7. Nb3 Be7 8. 0-0 0-0 9. Kh1 b6 10. f3 Bb7 11. Be3 Nbd7 12. Qd2 Qc7 13. Nd5 Nxd5 14. exd5 b5 15. c4 bxc4 16. Rac1 Nb6 17. Na5 Rac8 18. Nxc4 Nxc4 19. Bxc4 Qb8 20. f4 Bf6 21. f5 Qa8 22. b3 Rfe8 23. Rcd1 e4 24. Bf4 Rcd8 25. Qe3 Qc8 26. Qb6 Be5 27. Rde1 Qa8 28. Qa5 Rc8 29. Qd2 f6 30. Rxe4 Rc5 31. Be3 Rc7 32. Rg4 Kh8 33. Bf4 Rce7 34. h3 Bxf4 35. Rgxf4 Re5 36. Rd4 R8e7 37. Qb4 Bxd5 38. Bxd5 Rxd5 39. Rxd5 Qxd5 40. Qb8+ Qg8 41. Qxd6 Re2 42. Qxa6 Qe8 43. Qa5 h5 44. Qd5 Rxa2 45. Qf3 Rb2 46. Ra1 Qf7 47. Ra8+ Kh7 48. Ra1 Rxb3 49. Qe2 1/2-1/2

[Event "San Agustin op 09th"]
[Site "Aviles"]
[Date "2004.08.22"]
[Round "3"]
[White "Montes Gutierrez, Ignacio"]
[Black "Chadaev, Nikolay"]
[Result "0-1"]
[WhiteElo "2079"]
[BlackElo "2418"]
[PlyCount "38"]
[EventDate "2004.08.21"]
[EventType "swiss"]
[EventRounds "9"]
[EventCountry "ESP"]
[SourceTitle "CBM 102 Extra"]
[Source "ChessBase"]
[SourceDate "2004.11.03"]
[SourceVersion "1"]
[SourceVersionDate "2004.11.03"]
[SourceQuality "1"]

1. d4 g6 2. c4 Bg7 3. Nc3 d6 4. e4 Nf6 5. Be2 0-0 6. Nf3 Bg4 7. Be3 Nfd7 8. Qd2 c5 9. d5 Na6 10. Bh6 Nc7 11. h3 Bxf3 12. Bxf3 Bxh6 13. Qxh6 e6 14. 0-0-0 exd5 15. exd5 f5 16. h4 Ne5 17. h5 g5 18. Ne4 fxe4 19. Bxe4 Rf7 0-1

[Event "Asturias-ch"]
[Site "Oviedo"]
[Date "2004.03.06"]
[Round "4"]
[White "Montes Gutierrez, Ignacio"]
[Black "San Claudio Gonzalez, Francisco Javier"]
[Result "0-1"]
[WhiteElo "2084"]
[BlackElo "2280"]
[PlyCount "86"]
[EventDate "2004.02.21"]
[EventType "swiss"]
[EventRounds "11"]
[EventCountry "ESP"]
[SourceTitle "EXT 2005"]
[Source "ChessBase"]
[SourceDate "2004.11.15"]
[SourceVersion "1"]
[SourceVersionDate "2004.11.15"]
[SourceQuality "1"]

1. d4 Nf6 2. c4 g6 3. Nc3 d5 4. cxd5 Nxd5 5. Na4 Bg7 6. e4 Nb6 7. Be3 Nxa4 8. Qxa4+ Nd7 9. Bd3 0-0 10. Ne2 c5 11. Qc2 cxd4 12. Nxd4 Qa5+ 13. Bd2 Qc5 14. Nb5 Qxc2 15. Bxc2 Bxb2 16. Rb1 Be5 17. f4 Bb8 18. Ke2 a6 19. Nc3 e6 20. a4 Ba7 21. Be3 Bxe3 22. Kxe3 b6 23. Rhd1 Ra7 24. e5 Rc7 25. Rb3 Bb7 26. Be4 Rfc8 27. Bxb7 Rxc3+ 28. Rd3 Rxb3 29. Rxb3 Rb8 30. Bc6 Nc5 31. Rb2 Kf8 32. Kd4 a5 33. Kc4 Rc8 34. Kb5 Nxa4 35. Rc2 Nc5 36. Kxb6 Nd3 37. Kb7 Nb4 38. Kxc8 Nxc2 39. Kc7 Nb4 40. Bb5 Nd5+ 41. Kc6 Nc3 42. Kc5 a4 43. Kc4 Nxb5 0-1

[Event "Asturias-ch"]
[Site "Oviedo"]
[Date "2004.02.28"]
[Round "3"]
[White "Recuero Guerra, David"]
[Black "Montes Gutierrez, Ignacio"]
[Result "1/2-1/2"]
[WhiteElo "2225"]
[BlackElo "2084"]
[PlyCount "64"]
[EventDate "2004.02.21"]
[EventType "swiss"]
[EventRounds "11"]
[EventCountry "ESP"]
[SourceTitle "EXT 2005"]
[Source "ChessBase"]
[SourceDate "2004.11.15"]
[SourceVersion "1"]
[SourceVersionDate "2004.11.15"]
[SourceQuality "1"]

1. e4 e6 2. d4 d5 3. Nc3 Bb4 4. e5 c5 5. Bd2 Nc6 6. Nb5 Bxd2+ 7. Qxd2 Nxd4 8. Nxd4 cxd4 9. f4 Qb6 10. 0-0-0 Ne7 11. Qxd4 Qa5 12. a3 Bd7 13. Bd3 Bb5 14. Qc5 a6 15. Nf3 Rc8 16. Bxb5+ axb5 17. Qb4 Qxb4 18. axb4 Rc4 19. Nd4 Nc6 20. Nxb5 Rxb4 21. Nd6+ Ke7 22. g3 f6 23. Rhe1 Ra8 24. c3 Rb6 25. c4 Ra1+ 26. Kc2 Rxd1 27. Rxd1 Kd7 28. exf6 gxf6 29. Ne4 Ke7 30. cxd5 Nb4+ 31. Kb1 Nxd5 32. Re1 Rc6 1/2-1/2

[Event "Asturias-chT Preferente 0304"]
[Site "Asturias"]
[Date "2003.11.15"]
[Round "2"]
[White "Bombin Pinera, Dionisio"]
[Black "Montes Gutierrez, Ignacio"]
[Result "0-1"]
[WhiteElo "2015"]
[BlackElo "2079"]
[PlyCount "88"]
[EventDate "2003.??.??"]
[EventType "team"]
[EventRounds "7"]
[EventCountry "ESP"]
[SourceTitle "EXT 2007"]
[Source "ChessBase"]
[SourceDate "2006.11.23"]
[SourceVersion "1"]
[SourceVersionDate "2006.11.23"]
[SourceQuality "1"]

1. Nf3 e6 2. g3 b6 3. Bg2 Bb7 4. 0-0 Nf6 5. c4 Be7 6. Nc3 c5 7. d3 d5 8. cxd5 exd5 9. Bf4 Nc6 10. Ne5 0-0 11. Qb3 Nd4 12. Qa4 Re8 13. e3 Ne6 14. Nc6 Qd7 15. Nxe7+ Rxe7 16. Qxd7 Rxd7 17. Ne2 Rad8 18. Be5 Ng4 19. Bc3 Ba6 20. Rfd1 d4 21. exd4 cxd4 22. Bb4 Ne5 23. Be4 g6 24. Nc1 f5 25. Bg2 Rc8 26. Re1 Nc6 27. Ba3 Kf7 28. b4 Kf6 29. f4 h6 30. Rb1 Bb5 31. Rb2 g5 32. Rbe2 Ncd8 33. fxg5+ hxg5 34. Bb2 f4 35. Bh3 Rd6 36. Re5 a6 37. Nb3 Rc2 38. Bxd4 Nxd4 39. Nxd4 Rxd4 40. Rf5+ Kg6 41. Rf8 Rc7 42. Re5 Kg7 43. Rff5 Nf7 44. Re6 Bd7 0-1

[Event "ESP-ch U16"]
[Site "Mondariz"]
[Date "2003.07.18"]
[Round "7.14"]
[White "Montes Gutierrez, Ignacio"]
[Black "Espineira Gonzalez, Pablo D"]
[Result "1-0"]
[WhiteElo "2077"]
[BlackElo "2058"]
[PlyCount "101"]
[EventDate "2003.07.15"]
[EventType "swiss"]
[EventRounds "8"]
[EventCountry "ESP"]
[SourceTitle "CBM 095 Extra"]
[Source "ChessBase"]
[SourceDate "2003.09.04"]
[SourceVersion "1"]
[SourceVersionDate "2003.09.04"]
[SourceQuality "1"]

1. d4 d5 2. Nf3 Nf6 3. c4 c6 4. b3 Bf5 5. e3 e6 6. Be2 Bd6 7. 0-0 Nbd7 8. Nbd2 0-0 9. Bb2 Ne4 10. Ne5 Bxe5 11. dxe5 Qc7 12. Nxe4 dxe4 13. Qd6 Qxd6 14. exd6 c5 15. f3 Bg6 16. fxe4 Bxe4 17. Bf3 Bxf3 18. gxf3 e5 19. Rad1 Rfe8 20. e4 Rad8 21. f4 exf4 22. Rxf4 f6 23. Kf2 Re6 24. Rd5 b6 25. Kf3 Nf8 26. e5 Ng6 27. Re4 f5 28. Re2 Nh4+ 29. Kg3 g5 30. a3 h5 31. Bc1 f4+ 32. Kf2 a5 33. Bd2 Kf7 34. b4 axb4 35. axb4 cxb4 36. Bxb4 Nf5 37. Bd2 Ke8 38. Bc1 Ra8 39. Rb2 Kd7 40. Rxb6 Ra2+ 41. Bb2 Ne3 42. Rc5 Nd1+ 43. Ke1 Rxb2 44. Rc7+ Kd8 45. Ra6 Rxe5+ 46. Kxd1 Rb8 47. Rh7 Re8 48. c5 f3 49. c6 Rb1+ 50. Kc2 Re2+ 51. Kxb1 1-0

[Event "Asturias-ch"]
[Site "Oviedo"]
[Date "2003.04.12"]
[Round "11.15"]
[White "Olea Perez, Mario"]
[Black "Montes Gutierrez, Ignacio"]
[Result "1-0"]
[WhiteElo "2245"]
[BlackElo "2026"]
[PlyCount "39"]
[EventDate "2003.02.22"]
[EventType "swiss"]
[EventRounds "11"]
[EventCountry "ESP"]
[SourceTitle "EXT 2004"]
[Source "ChessBase"]
[SourceDate "2003.11.25"]
[SourceVersion "1"]
[SourceVersionDate "2003.11.25"]
[SourceQuality "1"]

1. d4 f5 2. Bg5 Nf6 3. Bxf6 exf6 4. e3 d5 5. g3 Bd6 6. c4 c6 7. cxd5 Bb4+ 8. Nc3 Qa5 9. Qb3 Bxc3+ 10. bxc3 Qxd5 11. Qxd5 cxd5 12. Bg2 Be6 13. Ne2 g5 14. Rb1 b6 15. Rb5 Bd7 16. Rxd5 Bc6 17. 0-0 Nd7 18. Rxf5 Rc8 19. Bxc6 Rxc6 20. f4 1-0

[Event "Asturias-ch"]
[Site "Oviedo"]
[Date "2003.03.15"]
[Round "5.15"]
[White "Sierra Canosa, Francisco"]
[Black "Montes Gutierrez, Ignacio"]
[Result "1-0"]
[WhiteElo "2113"]
[BlackElo "2026"]
[PlyCount "77"]
[EventDate "2003.02.22"]
[EventType "swiss"]
[EventRounds "11"]
[EventCountry "ESP"]
[SourceTitle "EXT 2004"]
[Source "ChessBase"]
[SourceDate "2003.11.25"]
[SourceVersion "1"]
[SourceVersionDate "2003.11.25"]
[SourceQuality "1"]

1. e4 e6 2. d4 d5 3. Nd2 dxe4 4. Nxe4 Qd5 5. Bd3 Nf6 6. Nxf6+ gxf6 7. Nf3 Nc6 8. a3 Bd7 9. c4 Qh5 10. h3 Rg8 11. Be2 Rxg2 12. Ne5 Qh4 13. Ng4 f5 14. Bf3 fxg4 15. Bxg2 g3 16. f4 0-0-0 17. Be3 Bg7 18. Qf3 Na5 19. 0-0-0 Bc6 20. d5 Qf6 21. Bd4 Qg6 22. f5 exf5 23. Bxg7 Ba4 24. Bc3 Bxd1 25. Qxd1 Nxc4 26. Qd3 Qg5+ 27. Kb1 Ne3 28. Bd2 f4 29. Bxe3 fxe3 30. Re1 Re8 31. d6 cxd6 32. Qxd6 e2 33. Qd3 Re3 34. Qc2+ Kb8 35. Rxe2 f5 36. Rxe3 Qxe3 37. Qxf5 Qe2 38. Qf3 Qe1+ 39. Ka2 1-0